Welding Metallurgy and Weldability of Stainless Steels

Na minha lista:
Detalhes bibliográficos
Main Authors: Lippold, John C. (Author), Kotecki, Damian J. (Author)
Formato: Livro
Idioma:inglês
Publicado em: New Jersey : John Wiley, 2005
Assuntos:
Tags: Adicionar Tag
Sem tags, seja o primeiro a adicionar uma tag!

MARC

LEADER 00000nam a22000003a 4500
001 stu124511
005 20190206124023.3
008 060809s2005----xxu-----------------eng-d
020 |a 0-471-47379-0 
040 |a STU  |b slo 
041 0 |a eng 
044 |a xxu 
080 |a 621.791 
100 1 |a Lippold, John C.  |4 aut 
245 1 |a Welding Metallurgy and Weldability of Stainless Steels 
260 |a New Jersey :  |b John Wiley,  |c 2005 
300 |a 357 s 
650 7 |a zváranie  |2 stusub 
650 7 |a nehrdzavejúce ocele  |2 stusub 
700 1 |a Kotecki, Damian J.  |4 aut 
996 |b 284J033540  |c J*109340  |l JJK13  |s P  |a 0  |w stu124511_0001